Top 15 Most Catholic States - Statistics

General Stats
  • This quiz has been taken 1,022 times
  • The average score is 10 of 15
Answer Stats
Percent State % Correct
32.5% New York
94%
27.5% California
87%
44.3% Rhode Island
79%
44.9% Massachusetts
77%
36.8% New Jersey
76%
20.5% Vermont
75%
27.6% Pennsylvania
74%
23.6% New Hampshire
73%
35.1% Connecticut
71%
28.4% Illinois
69%
28.4% New Mexico
69%
26.5% Louisiana
51%
25.1% Wisconsin
49%
21.7% Minnesota
47%
24.9% North Dakota
30%
No matching quizzes found
Score Distribution
Percent of People with Each Score
Percentile by Number Answered
Your Score History
You have not taken this quiz